Estações de Transportes Públicos em Lisboa - Statistics

Estatísticas Gerais
  • Esse quiz foi jogado 11 vezes
  • A pontuação média é 102 de 145
Respostas no mapa
Respostas codificadas por cores de uma escala verde-vermelha no mapa do quiz de acordo com a % correta abaixo.
 
Estatísticas das Respostas
Resposta % Correto
Aeroporto
100%
Algés
100%
Almada
100%
Alvalade
100%
Amadora
100%
Amadora Este
100%
Ameixoeira
100%
Anjos
100%
Avenida
100%
Belém
100%
Cais do Sodré
100%
Carnide
100%
Cascais
100%
Colégio Militar/Luz
100%
Entre Campos
100%
Estoril
100%
Jardim Zoológico
100%
Lumiar
100%
Martim Moniz
100%
Moscavide
100%
Odivelas
100%
Olivais
100%
Oriente
100%
Pontinha
100%
Praça de Espanha
100%
Pragal
100%
Rato
100%
Reboleira
100%
Restauradores
100%
Rossio
100%
Sete Rios
100%
Sintra
100%
Terreiro do Paço
100%
Alameda
86%
Alfornelos
86%
Alto dos Moinhos
86%
Alverca
86%
Areeiro
86%
Arroios
86%
Baixa-Chiado
86%
Barreiro
86%
Bela Vista
86%
Bobadela
86%
Braço de Prata
86%
Cabo Ruivo
86%
Cacilhas
86%
Campo Grande
86%
Campo Pequeno
86%
Chelas
86%
Cidade Universitária
86%
Corroios
86%
Encarnação
86%
Intendente
86%
Laranjeiras
86%
Marquês de Pombal
86%
Moita
86%
Montijo
86%
Oeiras
86%
Olaias
86%
Parede
86%
Parque
86%
Picoas
86%
Quinta das Conchas
86%
Roma
86%
Sacavém
86%
Saldanha
86%
Santa Apolónia
86%
Santa Iria
86%
Santos
86%
São Sebastião
86%
Senhor Roubado
86%
Setúbal
86%
Telheiras
86%
Vila Franca de Xira
86%
Agualva-Cacém
71%
Alcântara-Mar
71%
Alcântara-Terra
71%
Algueirão-Mem Martins
71%
Alhandra
71%
Benfica
71%
Campolide
71%
Carcavelos
71%
Castanheira do Ribatejo
71%
Caxias
71%
Coina
71%
Marvila
71%
Pinhal Novo
71%
Portela de Sintra
71%
Póvoa
71%
Roma-Areeiro
71%
Santo Amaro
71%
São João do Estoril
71%
Barreiro-A
57%
Cruz Quebrada
57%
Mafra
57%
Monte Abraão
57%
Monte da Caparica
57%
Paço de Arcos
57%
Palmela
57%
Rio de Mouro
57%
São Pedro do Estoril
57%
Seixal
57%
Trafaria
57%
25 de Abril
43%
Alhos Vedros
43%
Baixa da Banheira
43%
Cova da Piedade
43%
Fogueteiro
43%
Gil Vicente
43%
Laranjeiro
43%
Malveira
43%
Massamá-Barcarena
43%
Monte Estoril
43%
Parque da Paz
43%
Porto Brandão
43%
Queluz-Belas
43%
Santa Cruz-Damaia
43%
Universidade
43%
António Gedeão
29%
Bento Gonçalves
29%
Boa Esperança
29%
Casa do Povo
29%
Fomega
29%
Lavradio
29%
Mercês
29%
Mira Sintra-Meleças
29%
Penteado
29%
Poceirão
29%
Praias do Sado-A
29%
Ramalha
29%
São João Baptista
29%
Fernando Pó
14%
Foros de Amora
14%
Jerumelo
14%
Pedra Furada
14%
Pegões
14%
Penalva
14%
Praça do Quebedo
14%
Sabugo
14%
São João das Craveiras
14%
Venda do Alcaide
14%
Nenhum quiz correspondente encontrado
Distribuição das Pontuações
Porcentagem de Pessoas com Cada Pontuação
Percentil de Números Respondidos
Sua Pontuação Histórica
Você não jogou esse quiz